000 00577cam a2200217 4500
001 J94931
008 090401t1998 xxu||||| |||| 00| 0 eng d
035 _a(Sirsi) u89563
041 _aeng
050 _a711.552
110 _aBritish Council of Shopping Centres
_91982
245 _aShopping centre progress 1998-99.
260 _aLondon
_bEstates Gazette
_c1998
300 _a167p. : ill. ; 30cm.
350 _a20
650 _aRETAILING
650 _aSHOPPING CENTRES
690 _aPROPERTY-COMMERCIAL PROPERTY-RETAIL PROPERTY
942 _n0
948 _c09/11/1998
999 _c97469
_d97469